| 000 | 01769nam a2200325Ia 4500 | ||
|---|---|---|---|
| 999 |
_c55107 _d55107 |
||
| 001 | 22182 | ||
| 003 | GE_BSU | ||
| 005 | 20221212163340.0 | ||
| 008 | 181216s ||||ge |||||||||||||| ||geo|| | ||
| 020 | _a9789941261251 | ||
| 040 | _cGE_BSU | ||
| 041 | _ageo | ||
| 080 | _a004:005.22(075.8) მ-40 | ||
| 100 |
_aმაღრაძე, მურთაზ _916360 |
||
| 245 |
_aინფორმაციული მენეჯმენტი : _b [სახელმძღვანელო] / _cრედაქტორი ენვერ ლაგვილავა. |
||
| 250 | _aმე-2 გადამუშავებული და შევსებული გამოცემა | ||
| 264 |
_aთბილისი : _bუნივერსალი, _c2017. |
||
| 300 |
_a538 გვ. : _bცხრ. ; _c26 სმ. |
||
| 500 | _aქართულ-ინგლისური შემოკლებები გვ. : 514-515 | ||
| 500 | _aსაგნობრივი საძიებელი გვ. : 516-525 | ||
| 504 | _aბიბლიოგრაფია გვ. : 526-530 | ||
| 541 | _h48ლ. | ||
| 653 | _aინფორმაციული მენეჯმენტი | ||
| 653 | _aმენეჯმენტი | ||
| 653 | _aსაინფორამციო ტექნოლოგიები | ||
| 653 | _aსაინფორმაციო სისტემების მენეჯმენტი | ||
| 700 |
_aლაგვილავა, ენვერ _eრედაქტორი _916361 |
||
| 710 |
_aჯავახიშვილის სახელობის თბილისის სახელმწიფო უნივერსიტეტი _916362 |
||
| 942 |
_cBK _2udc |
||